|
|
|
|
| LEADER |
00000nam a2200000 a 4500 |
| 001 |
vtls011134849 |
| 003 |
SK-MaSNL |
| 005 |
20260301091407.0 |
| 008 |
240318s2015 xo oda e 000 0 eng |
| 015 |
|
|
|a SNBA2015/11
|
| 020 |
|
|
|q (brož.)
|
| 035 |
|
|
|a AB0D133E-1645-4FBE-B96F-86AD444D9C61
|
| 035 |
|
|
|a urn:nbn:sk:snk-amkzir
|
| 035 |
|
|
|a urn:nbn:sk:snk-am008ozt
|
| 040 |
|
|
|a SNK
|b slo
|c SNK
|e AACR2
|
| 041 |
0 |
|
|a eng
|
| 044 |
|
|
|a xo
|c SK
|
| 072 |
|
7 |
|a 543
|x Analytická chémia
|2 konspekt
|
| 080 |
|
|
|a 543.429.23
|2 2001
|
| 080 |
|
|
|a (048.8)
|2 2001
|
| 100 |
1 |
|
|a Uhrín, Dušan
|4 aut
|9 339140
|
| 245 |
1 |
0 |
|a Advanced NMR
|c Dušan Uhrín, Nicholle Bell
|
| 260 |
|
|
|a Košice
|b Univerzita Pavla Jozefa Šafárika, Prírodovedecká fakulta
|c 2015
|
| 300 |
|
|
|a 1 zv. (rôzne stránkovanie)
|b fotogr., grafy, ilustr., sch., tab.
|c 21 x 30 cm
|
| 500 |
|
|
|a Názov z obalu
|
| 650 |
0 |
7 |
|a nukleárna magnetická rezonancia
|2 SNKPH
|9 81536
|
| 650 |
0 |
7 |
|a Nuclear magnetic resonance
|2 SNKPHeng
|9 339141
|
| 655 |
|
7 |
|a prehľady
|2 SNKPH
|9 70194
|
| 655 |
|
7 |
|a Surveys
|2 SNKPHeng
|9 266058
|
| 700 |
1 |
|
|a Bell, Nicholle
|4 aut
|9 339142
|
| 999 |
|
|
|c 671113
|d 673043
|
| 952 |
|
|
|a SNK
|b SNK
|y PREZ
|7 0
|p 17A1174136
|o snkSC 166874
|i snk2015/30525
|8 0
|0 0
|1 0
|4 0
|d 2015-11-05
|f 1
|l 0
|r 2015-12-31 00:00:00
|w 2026-02-23
|
| 952 |
|
|
|a SNK
|b SNK
|y VYP
|7 0
|p 17A1174137
|o snkSC 166874 D1
|i snk2015/30526
|8 0
|0 0
|1 0
|4 0
|d 2015-11-05
|l 0
|r 2026-02-23 19:26:06
|w 2026-02-23
|